places with the most valuable currency in order - Statistics

General Stats
  • This quiz has been taken 25 times
  • The average score is 7 of 25
Answer Stats
Answer % Correct
Europe United Kingdom
79%
North America United States
74%
Oceania Australia
63%
North America Canada
63%
Asia Kuwait
63%
Asia Bahrain
58%
Asia Oman
53%
Europe Switzerland
47%
Oceania New Zealand
42%
Asia Jordan
37%
Asia Singapore
26%
Asia Brunei
16%
North America Cayman Islands
16%
Europe European Union
16%
Oceania Fiji
16%
Asia China
11%
Europe Gibraltar
5%
North America Aruba
0%
Europe Bosnia and Herzegovina
0%
Europe Bulgaria
0%
Europe Denmark
0%
North America Libya
0%
Asia Malaysia
0%
North America South Africa
0%
Europe Sweden
0%
No matching quizzes found
Score Distribution
Percent of People with Each Score
Percentile by Number Answered
Your Score History
You have not taken this quiz